Economic policy within a European monetary union.

Európska menová únia a úplné prenesenie zodpovednosti za menovú politiku na európsku ústrednú banku sa dostávajú do sféry politickej reality. Možnosti dosiahnutia cieľov hospodárskej politiky jednotlivých členských krajín v rámci menovej únie. Potenciálne problémy sa týkajú daňovej disciplíny, rozpo...

Ausführliche Beschreibung

Gespeichert in:
Bibliographische Detailangaben
1. Verfasser: Pfaller, A.
Format: Buchkapitel
Sprache:Englisch
Schlagworte:
Tags: Tag hinzufügen
Keine Tags, Fügen Sie das erste Tag hinzu!

MARC

LEADER 00000naa a2200000 4500
001 r007214
005 20221208122652.5
041 0 |a eng 
044 |a DE 
245 1 0 |a Economic policy within a European monetary union.  |c A. Pfaller 
520 |a Európska menová únia a úplné prenesenie zodpovednosti za menovú politiku na európsku ústrednú banku sa dostávajú do sféry politickej reality. Možnosti dosiahnutia cieľov hospodárskej politiky jednotlivých členských krajín v rámci menovej únie. Potenciálne problémy sa týkajú daňovej disciplíny, rozpočtovej politiky krajín, toku kapitálu, náhlych zmien ekonomického správania niektorej krajiny, tlakov na pohyb DEM, koordinácie príjmovej politiky, zamestnanosti, regionálneho prerozdeľovania medzi ekonomickými blokmi. Potreby koordinácie politiky. 
610 2 0 |a únie menové 
610 2 0 |a Európa 
610 2 0 |a politika menová 
610 2 0 |a politika hospodárska 
610 2 0 |a dane 
610 2 0 |a rozpočet štátny 
610 2 0 |a príjmy rozpočtu štátneho 
610 2 0 |a zamestnanosť 
610 2 0 |a koordinácia 
100 1 |a Pfaller, A.